000 00651nam a2200253Ia 4500
003 OSt
005 20221005130928.0
006 a|||||r|||| 00| 0
007 ta
008 221004b |||||||| |||| 00| 0 kan d
020 _c12.00
024 _a59995
037 _cTextual
040 _aCRL
_cCRL
_bkan
041 _2kan
_akan
082 _aO33,1x, L5
100 _aRao Bahadur R.Narasimhacharya Au.
_9638880
245 0 _aSasana padya manjari
260 _c1977
300 _a409p.
_ccm.
650 _aKANNAD LITERATURE
942 _hO33,1x, L5
_cTEXL
_2cc
999 _c1058840
_d1058840